| 000 | 00834cad a22002175a 4500 | ||
|---|---|---|---|
| 001 | E152561 | ||
| 008 | 110328s2011 xxk f 000 0 eng d | ||
| 020 | _a9781780451657 | ||
| 035 | _a(Sirsi) u152561 | ||
| 041 | 0 | _aeng | |
| 110 | 2 |
_aScotland _bScottish Government _95344 |
|
| 245 | 0 | 0 |
_aRegulation of energy efficiency in housing _h[electronic resource] |
| 260 |
_aEdinburgh _bScottish Government _c2011 |
||
| 520 | _aLooks at options for improving the energy efficiency of housing in Scotland. | ||
| 590 | _aKA | ||
| 650 | 2 | 4 | _aCLIMATE CHANGE (SCOTLAND) ACT 2009 S64 |
| 651 | 4 |
_aScotland _y1999- |
|
| 690 | _aENVIRONMENTAL AND LAND CONSULTANCY-ENERGY-ENERGY USE-ENERGY EFFICIENCY | ||
| 856 | 4 | 0 |
_uhttps://www.scotland.gov.uk/Publications/2011/03/22093051/0 _zView the report free of charge at www.scotland.gov.uk |
| 942 | _n0 | ||
| 999 |
_c112113 _d112113 |
||